Población, ciudad y medio ambiente en el México contemporáneo
Saved in:
| Main Authors: | , |
|---|---|
| Institution som forfatter: | |
| Format: | Bog |
| Sprog: | spansk |
| Udgivet: |
Ciudad de México, México
El Colegio de México
2006
|
| Serier: | Cedua
|
| Fag: | |
| Tags: |
Tilføj Tag
Ingen Tags, Vær først til at tagge denne postø!
|
MARC
| LEADER | 00000cam a2200000 a 4500 | ||
|---|---|---|---|
| 001 | UCE6336 | ||
| 003 | CL-VaPUC | ||
| 005 | 20241018150337.0 | ||
| 008 | 150402e20060000mx |||||||||||||||||spa|d | ||
| 999 | |c 358669 |d 358667 | ||
| 020 | |a 9681212088 | ||
| 040 | |c Pontificia Universidad Católica de Valparaíso | ||
| 082 | 0 | 4 | |a 972.083 LEZ 2006 |2 21 |
| 100 | 0 | |a Lezama, José Luis |e author |9 578974 | |
| 110 | 2 | |a Centro de Estudios Demográficos, Urbanos y Ambientales |e author |9 578976 | |
| 245 | 1 | 0 | |a Población, ciudad y medio ambiente en el México contemporáneo |
| 260 | |a Ciudad de México, México |b El Colegio de México |c 2006 | ||
| 300 | |a 628 páginas | ||
| 490 | 0 | |a Cedua | |
| 583 | |a last modification |c 20180417 12:36:53 |k Rodrigo Vera | ||
| 650 | 0 | |a Población |z MEXICO |9 257577 | |
| 650 | 0 | |a Ciudades |z MEXICO |9 265474 | |
| 650 | 0 | |a Sociedad contemporánea |z MEXICO |9 337179 | |
| 650 | 0 | |a Historia de México |9 321806 | |
| 700 | 0 | |a Morelos, José B |e author |9 578975 | |
| 942 | |c BK |2 ddc | ||
| 945 | |d 20150402 11:08:00 |a arojas | ||
| 952 | |0 0 |1 0 |2 ddc |3 erb |4 0 |6 972_083000000000000_LEZ_2006 |7 0 |8 A |9 467519 |a BIBHIS |b BIBHIS |i 5144000 |o 972.083 LEZ 2006 |p 5144000 |r 2025-01-20 |t 1 |w 2019-11-23 |y BK |z Catalogado en:20150402 |k HIS | ||